000
00308nam a2200109Ia 4500
008
200302s9999 xx 000 0 und d
100
_a
Duo Dickinson
245
_a
The Small House An Artful Guide to Affordable Residential Design
260
_b
Tata Mcgraw-Hill Publishing Co.
260
_c
1985
300
_a
196 P.,
999
_c
729
_d
729